000 00471nam a2200181Ia 4500
008 230917s9999||||xx |||||||||||||| ||und||
020 _cRS575
040 _e245619
_aMAIN
041 _aEnglish
082 _a657.48 T829F(2)
100 _aTulsian, P C
245 0 _aFinancial accounting: For B.Com (Hons)
250 _a2nd ed.
260 _aNew Delhi
_bS Chand
_c2017
300 _av. p.
500 _a3037 05/02/2018 HBD18/7282 28/02/2018 Main Budget
942 _cBK
999 _c25875
_d25875